| 000 | 00000nam##2200000za#4500 |
| 001 | 9.644194 |
| 003 | CaOODSP |
| 005 | 20210624224530 |
| 007 | cr ||||||||||| |
| 008 | 150407|1984||||xxc|||||o f|0| 0 fre|d |
| 040 | |aCaOODSP|bfre |
| 043 | |an-cn--- |
| 086 | 1 |aA53-1773/1984F-PDF |
| 110 | 1 |aCanada.|bAgriculture Canada. |bDirection générale des communications. |
| 245 | 13|aLa taille des arbres fruitiers de votre jardin |h[ressource électronique] |
| 250 | |aRéimpression 1986 |
| 260 | |aOttawa - Ontario : |bAgriculture Canada. |cc1984. |
| 300 | |a6p.|bill. |
| 500 | |aPublication historique numérisée par Agriculture et Agroalimentaire Canada. |
| 590 | |a15-02-Supp|b2015-02-16 |
| 775 | 08|tPruning fruit trees in your home garden |w(CaOODSP)9.700297 |
| 856 | 40|ahttp://publications.gc.ca|qPDF|s157 Ko|uhttps://publications.gc.ca/collections/collection_2015/aac-aafc/A53-1773-1984-fra.pdf |